| 000 | 01292cam a2200229 4500 | ||
|---|---|---|---|
| 001 | ##L132141 | ||
| 008 | 060113n2005 000 0 eng u | ||
| 020 | _a0704422565 | ||
| 035 | _a(Sirsi) u132141 | ||
| 041 | 0 | _aeng | |
| 050 | 0 | 4 | _a336.21 $2 18 |
| 100 | 1 | _aPhelps, Alan | |
| 245 | 0 | 2 | _aA comparative study of local government property management in the United Kingdom and the Russian Federation |
| 260 |
_aBirmingham _bUniversity of Birmingham _c2005 |
||
| 300 |
_a35p. _c30cm. |
||
| 520 | _aThe challenges facing local government means it is required to continuously strive for improvement in performance and look for new ways of delivering better services for the communities it serves. This report provides an initial comparison between local government property management in the United Kingdom and the Russian Federation in an attempt to provide both with the opportunity to learn from each other. The study brings to light key similarities and differences including their interpretations and views on property management, the implementation of strategic planning and the size and nature of property holdings. | ||
| 650 | 2 | 4 | _aUNITED KINGDOM |
| 650 | 2 | 4 | _aRUSSIAN FEDERATION |
| 690 |
_aBlock management _96220 |
||
| 710 | 2 |
_aUniversity of Birmingham _92012 |
|
| 942 | _n0 | ||
| 999 |
_c105035 _d105035 |
||